[Event "Caldas Novas op 1st"]
[Site "Caldas Novas"]
[Date "2017.03.11"]
[Round "2"]
[White "Sant'Ana, Ricardo"]
[Black "Serafim Junior, Arnor"]
[Result "1-0"]
[WhiteElo "2199"]
[BlackElo "1829"]
[PlyCount "115"]
[EventDate "2017.03.10"]
[EventType "swiss"]
[EventRounds "6"]
[EventCountry "BRA"]
[SourceTitle "CBM 177 Extra"]
[Source "ChessBase"]
[SourceDate "2017.04.27"]
[SourceVersion "1"]
[SourceVersionDate "2017.04.27"]
[SourceQuality "1"]

1. e4 c5 2. Nf3 e6 3. d4 cxd4 4. Nxd4 a6 5. Bd3 Nf6 6. Qe2 d6 7. 0-0 Qc7 8. c4 Nc6 9. Nxc6 bxc6 10. Nc3 Be7 11. Bf4 e5 12. Be3 0-0 13. h3 g6 14. Rac1 Qa5 15. b3 Rb8 16. Rfd1 Be6 17. Na4 Nd7 18. c5 Nxc5 19. Bxc5 dxc5 20. Bxa6 Rb4 21. Bc4 Bxc4 22. Rxc4 Rfb8 23. Rdc1 Rxc4 24. Rxc4 Rb4 25. Rc2 c4 26. Rxc4 Rxc4 27. Qxc4 Qe1+ 28. Qf1 Qxe4 29. Qc1 Bb4 30. Nb6 Qe1+ 31. Qxe1 Bxe1 32. Kf1 Bc3 33. Ke2 f5 34. f3 Kf7 35. Kd3 Bd4 36. Nc4 Ke6 37. f4 Ba1 38. fxe5 Bxe5 39. Nxe5 Kxe5 40. a4 Kd5 41. b4 c5 42. b5 c4+ 43. Kc3 Kc5 44. h4 h6 45. b6 Kxb6 46. Kxc4 g5 47. hxg5 hxg5 48. Kd5 f4 49. Ke4 Kc5 50. a5 Kb5 51. Kf5 Kxa5 52. Kxg5 Kb5 53. Kxf4 Kc6 54. Kf5 Kd7 55. Kf6 Ke8 56. Kg7 Ke7 57. g4 Ke6 58. g5 1-0

[Event "Brasilia Region"]
[Site "Brasilia"]
[Date "2013.09.13"]
[Round "2.2"]
[White "Rezende, Guilherme Vilela"]
[Black "Sant'Ana, Ricardo"]
[Result "1/2-1/2"]
[WhiteElo "2085"]
[BlackElo "2209"]
[PlyCount "144"]
[EventDate "2013.09.13"]
[EventType "swiss"]
[EventRounds "5"]
[EventCountry "BRA"]
[SourceTitle "EXT 2022"]
[Source "ChessBase"]
[SourceDate "2021.10.06"]
[SourceVersion "1"]
[SourceVersionDate "2021.10.06"]
[SourceQuality "1"]

1. d4 Nf6 2. c4 g6 3. Nc3 Bg7 4. e4 d6 5. f3 0-0 6. Be3 Nc6 7. Nge2 a6 8. Rc1 Rb8 9. Qd2 Bd7 10. Nd5 b5 11. c5 Ne8 12. cxd6 Nxd6 13. b3 b4 14. Ng3 e6 15. Nf4 Nb5 16. Bxb5 Rxb5 17. 0-0 Re8 18. Nfe2 f5 19. Rfd1 h5 20. Rc4 h4 21. Nf1 h3 22. g3 fxe4 23. fxe4 Qf6 24. Nf4 e5 25. Nd5 Qd6 26. Nxc7 Rf8 27. Nxb5 axb5 28. Rxc6 Qxc6 29. d5 Qf6 30. Qe2 Rc8 31. Qf2 Qe7 32. Rc1 Rf8 33. Qe2 Rf7 34. Bc5 Qd8 35. Ne3 Bh6 36. Rf1 Qc7 37. Bxb4 Qb6 38. Bd2 Bg4 39. Qe1 Bf3 40. Rf2 Bxe4 41. Rxf7 Kxf7 42. Qf2+ Ke8 43. Ng4 Qxf2+ 44. Kxf2 Bg7 45. Bc3 Ke7 46. Bxe5 Bxe5 47. Nxe5 Kd6 48. Nf7+ Kxd5 49. a3 Bc2 50. b4 Kd4 51. g4 Kc3 52. Ke3 Kb3 53. Nd6 Kxa3 54. Nxb5+ Kxb4 55. Nd4 Bb1 56. Kf4 Kc5 57. Nf3 Kd6 58. Kg5 Ke6 59. Ng1 Kf7 60. Nxh3 Kg7 61. Nf4 Bc2 62. Ne6+ Kf7 63. Nd4 Bb1 64. Kh6 Bd3 65. Nf3 Bb1 66. h4 Kf6 67. g5+ Kf5 68. h5 gxh5 69. g6 Kf6 70. g7 Ba2 71. Nh4 Bg8 72. Ng2 Bf7 1/2-1/2

[Event "Brasilia-ch 53rd"]
[Site "Brasilia"]
[Date "2013.08.16"]
[Round "5"]
[White "Sant'Ana, Ricardo"]
[Black "Cunha, Lucas Aguiar"]
[Result "0-1"]
[WhiteElo "2228"]
[BlackElo "2249"]
[PlyCount "72"]
[EventDate "2013.08.12"]
[EventType "swiss"]
[EventRounds "9"]
[EventCountry "BRA"]
[SourceTitle "CBM 155 Extra"]
[Source "ChessBase"]
[SourceDate "2013.08.26"]
[SourceVersion "1"]
[SourceVersionDate "2013.08.26"]
[SourceQuality "1"]

1. e4 c5 2. Nf3 Nc6 3. d4 cxd4 4. Nxd4 e6 5. Nc3 Qc7 6. g3 a6 7. Bg2 d6 8. 0-0 Be7 9. f4 Bd7 10. Kh1 Nf6 11. Be3 h5 12. h3 Rc8 13. Bg1 b5 14. Nb3 Nb8 15. a3 Bc6 16. Nd4 Bb7 17. Rc1 Nbd7 18. Re1 Qb8 19. Nb3 h4 20. g4 Rxc3 21. bxc3 d5 22. exd5 Nxd5 23. Qf3 0-0 24. Rb1 Rc8 25. Bd4 Bd8 26. a4 Bc6 27. axb5 axb5 28. f5 e5 29. Bf2 Nxc3 30. Qxc6 Rxc6 31. Bxc6 Nxb1 32. Rxb1 Qc8 33. Bxd7 Qxc2 34. Rf1 Qxb3 35. Kh2 Qd5 36. Bc8 Qc6 0-1

[Event "Brasilia-ch 53rd"]
[Site "Brasilia"]
[Date "2013.08.13"]
[Round "2"]
[White "Coelho, Paulo Roberto"]
[Black "Sant'Ana, Ricardo"]
[Result "1-0"]
[WhiteElo "2096"]
[BlackElo "2228"]
[PlyCount "81"]
[EventDate "2013.08.12"]
[EventType "swiss"]
[EventRounds "9"]
[EventCountry "BRA"]
[SourceTitle "CBM 155 Extra"]
[Source "ChessBase"]
[SourceDate "2013.08.26"]
[SourceVersion "1"]
[SourceVersionDate "2013.08.26"]
[SourceQuality "1"]

1. d4 Nf6 2. c4 g6 3. Nc3 Bg7 4. Nf3 0-0 5. e3 d5 6. Bd3 c5 7. 0-0 cxd4 8. exd4 Nc6 9. h3 Nb4 10. c5 b6 11. cxb6 axb6 12. Bb5 Bf5 13. a3 Na6 14. Bc6 Rb8 15. Bf4 Nc7 16. Nb5 Nxb5 17. Bxb8 Nxd4 18. Nxd4 Qxb8 19. Bxd5 Rd8 20. Nc6 Qd6 21. Bxf7+ Kxf7 22. Nxd8+ Ke8 23. Qa4+ Nd7 24. Rad1 Qc7 25. Nc6 Nc5 26. Qa8+ Kf7 27. Nd8+ Kf6 28. Qd5 e6 29. Qf3 Ke7 30. g4 Bd3 31. Nc6+ Ke8 32. Rfe1 Be4 33. Rxe4 Qxc6 34. Re3 Qxf3 35. Rxf3 Bxb2 36. Rb1 Bd4 37. Rxb6 e5 38. Kg2 e4 39. Rg3 Nd3 40. Re6+ Kf7 41. Rxe4 1-0

[Event "Sergio Amador Memorial"]
[Site "Rio de Janeiro"]
[Date "2001.06.26"]
[Round "7"]
[White "Carvalho, Carlos Alberto"]
[Black "Sant'Ana, Ricardo"]
[Result "1/2-1/2"]
[WhiteElo "2105"]
[BlackElo "2188"]
[PlyCount "50"]
[EventDate "2001.06.23"]
[EventType "tourn"]
[EventRounds "7"]
[EventCountry "BRA"]
[SourceTitle "EXT 2007"]
[Source "ChessBase"]
[SourceDate "2006.11.23"]
[SourceVersion "1"]
[SourceVersionDate "2006.11.23"]
[SourceQuality "1"]

1. d4 Nf6 2. Bg5 e6 3. e3 Be7 4. Bxf6 Bxf6 5. c3 c5 6. Bd3 d5 7. Nd2 0-0 8. f4 Bh4+ 9. g3 Be7 10. Ngf3 f6 11. 0-0 Qc7 12. Qe2 cxd4 13. exd4 Bd6 14. Rae1 Nc6 15. Rf2 e5 16. dxe5 Bc5 17. exf6 Bxf2+ 18. Qxf2 Qb6 19. Qxb6 axb6 20. fxg7 Kxg7 21. a3 Bg4 22. Ng5 h6 23. Ne6+ Bxe6 24. Rxe6 Rf6 25. Rxf6 Kxf6 1/2-1/2

[Event "Petrosian Memorial"]
[Site "Rio de Janeiro"]
[Date "2001.02.17"]
[Round "9"]
[White "Manzi, Luiz Antonio Bardao"]
[Black "Sant'Ana, Ricardo"]
[Result "1/2-1/2"]
[WhiteElo "2107"]
[BlackElo "2195"]
[PlyCount "26"]
[EventDate "2000.12.02"]
[EventType "tourn"]
[EventRounds "11"]
[EventCountry "BRA"]
[SourceTitle "EXT 2002"]
[Source "ChessBase"]
[SourceDate "2001.11.25"]
[SourceVersion "1"]
[SourceVersionDate "2001.11.25"]
[SourceQuality "1"]

1. d4 Nf6 2. Nf3 g6 3. c4 Bg7 4. Nc3 0-0 5. Bg5 h6 6. Bxf6 Bxf6 7. Qd2 Kg7 8. Ne4 e6 9. Nxf6 Qxf6 10. e4 Nc6 11. a3 d6 12. Be2 Bd7 13. 0-0 Rae8 1/2-1/2

[Event "Petrosian Memorial"]
[Site "Rio de Janeiro"]
[Date "2000.12.22"]
[Round "4"]
[White "Sant'Ana, Ricardo"]
[Black "Guedes, Sebastiao Henrique"]
[Result "1-0"]
[WhiteElo "2195"]
[BlackElo "2017"]
[PlyCount "37"]
[EventDate "2000.12.02"]
[EventType "tourn"]
[EventRounds "11"]
[EventCountry "BRA"]
[SourceTitle "EXT 2002"]
[Source "ChessBase"]
[SourceDate "2001.11.25"]
[SourceVersion "1"]
[SourceVersionDate "2001.11.25"]
[SourceQuality "1"]

1. e4 c6 2. d4 d5 3. Nc3 dxe4 4. Nxe4 Nd7 5. Bc4 Ngf6 6. Ng5 e6 7. Qe2 Nd5 8. N1f3 N7f6 9. Ne5 Qa5+ 10. Kf1 Rg8 11. Ngxf7 h6 12. g4 g5 13. h4 Nf4 14. Bxf4 gxf4 15. g5 hxg5 16. hxg5 Nd5 17. Rh7 Bg7 18. Qh5 Kf8 19. Nh6 1-0

[Event "Brasil 500 years"]
[Site "Guanabara"]
[Date "2000.05.04"]
[Round "5"]
[White "Sant'Ana, Ricardo"]
[Black "Carvalho, Renato Luiz"]
[Result "1/2-1/2"]
[WhiteElo "2180"]
[BlackElo "2115"]
[PlyCount "24"]
[EventDate "2000.03.??"]
[EventType "tourn"]
[EventRounds "9"]
[EventCountry "BRA"]
[SourceTitle "EXT 2001"]
[Source "ChessBase"]
[SourceDate "2000.11.22"]
[SourceVersion "1"]
[SourceVersionDate "2000.11.22"]
[SourceQuality "1"]

1. e4 c5 2. Nf3 d6 3. d4 cxd4 4. Qxd4 Nc6 5. Bb5 Bd7 6. Bxc6 Bxc6 7. 0-0 Nf6 8. Re1 Qa5 9. Bd2 Qh5 10. Bc3 e6 11. Nbd2 Be7 12. Rad1 0-0 1/2-1/2

[Event "Brasil 500 years"]
[Site "Guanabara"]
[Date "2000.04.18"]
[Round "9"]
[White "Sant'Ana, Ricardo"]
[Black "Maia, Marco Aurelio Ferre"]
[Result "1-0"]
[WhiteElo "2180"]
[BlackElo "2188"]
[PlyCount "119"]
[EventDate "2000.03.??"]
[EventType "tourn"]
[EventRounds "9"]
[EventCountry "BRA"]
[SourceTitle "EXT 2001"]
[Source "ChessBase"]
[SourceDate "2000.11.22"]
[SourceVersion "1"]
[SourceVersionDate "2000.11.22"]
[SourceQuality "1"]

1. d4 d5 2. Nf3 Nf6 3. c4 c6 4. Nc3 dxc4 5. a4 Bf5 6. Ne5 e6 7. f3 Bb4 8. e4 Bxe4 9. fxe4 Nxe4 10. Bd2 Qxd4 11. Nxe4 Qxe4+ 12. Qe2 Bxd2+ 13. Kxd2 Qd4+ 14. Kc2 Na6 15. Nxc4 0-0-0 16. Qe5 Qxe5 17. Nxe5 Rd5 18. Bxa6 Rxe5 19. Bd3 Kd7 20. Rad1 Ke7 21. Rhe1 Rh5 22. h3 Rd8 23. Be4 Rc5+ 24. Kb3 Rxd1 25. Rxd1 a5 26. Rd2 h6 27. Rc2 Re5 28. Bf3 g5 29. Kc4 Rf5 30. Re2 Kd6 31. Rd2+ Kc7 32. Rd4 Re5 33. Kd3 f5 34. g4 c5 35. Rc4 b6 36. Rc2 fxg4 37. hxg4 Re1 38. Re2 Rd1+ 39. Kc2 Rf1 40. Re3 Kd6 41. b3 Rf2+ 42. Kc3 Kd7 43. Kc4 Kc7 44. Kb5 Rf1 45. Be2 Rf4 46. Ka6 Rf6 47. Bc4 e5 48. Rxe5 Kd7 49. Kb5 Rd6 50. Rf5 Kc7 51. Rf7+ Kb8 52. Re7 Kc8 53. Re6 Rd4 54. Rxh6 Kc7 55. Rh7+ Kd6 56. Kxb6 Rxg4 57. Kxa5 Rf4 58. Rg7 Rf5 59. Kb6 Re5 60. a5 1-0

[Event "Brasil 500 years"]
[Site "Guanabara"]
[Date "2000.03.11"]
[Round "1"]
[White "Teixeira, Ricardo da Silva"]
[Black "Sant'Ana, Ricardo"]
[Result "1-0"]
[WhiteElo "2353"]
[BlackElo "2180"]
[PlyCount "31"]
[EventDate "2000.03.??"]
[EventType "tourn"]
[EventRounds "9"]
[EventCountry "BRA"]
[SourceTitle "EXT 2001"]
[Source "ChessBase"]
[SourceDate "2000.11.22"]
[SourceVersion "1"]
[SourceVersionDate "2000.11.22"]
[SourceQuality "1"]

1. e4 c6 2. d4 d5 3. Nc3 dxe4 4. Nxe4 Nd7 5. Bc4 Ngf6 6. Nxf6+ Nxf6 7. c3 Qc7 8. Nf3 e6 9. Bg5 Bd6 10. 0-0 Ne4 11. Bc1 h6 12. Re1 Nf6 13. Ne5 Nd7 14. Nxf7 Kxf7 15. Rxe6 Ne5 16. Rxe5+ 1-0

[Event "Vince Toth Memorial 2nd"]
[Site "Rio de Janeiro"]
[Date "2000.03.01"]
[Round "6"]
[White "Toth, Christian Endre"]
[Black "Sant'Ana, Ricardo"]
[Result "1-0"]
[WhiteElo "2355"]
[BlackElo "2180"]
[PlyCount "73"]
[EventDate "2000.02.25"]
[EventType "tourn"]
[EventRounds "9"]
[EventCountry "BRA"]
[EventCategory "7"]
[SourceTitle "CBM 074 Extra"]
[Source "ChessBase"]
[SourceDate "2000.03.10"]
[SourceVersion "2"]
[SourceVersionDate "2000.03.10"]
[SourceQuality "1"]

1. Nf3 Nf6 2. g3 g6 3. b3 c5 4. c4 Bg7 5. Bb2 0-0 6. Bg2 Nc6 7. 0-0 Rb8 8. d4 cxd4 9. Nxd4 Nxd4 10. Qxd4 Ne8 11. Qd2 Bxb2 12. Qxb2 b5 13. c5 b4 14. Nd2 Bb7 15. Rac1 Bxg2 16. Kxg2 Nc7 17. Rfd1 Nb5 18. Nb1 d6 19. Rc4 Qa5 20. c6 Nc7 21. Qd2 Rb5 22. e4 d5 23. exd5 Rxd5 24. Qe1 Rfd8 25. Rdc1 Re5 26. Qxb4 Qd5+ 27. Kg1 Qf3 28. Nd2 Qe2 29. Nf1 Rd1 30. Rxd1 Qxd1 31. Qd2 Re1 32. Qxd1 Rxd1 33. Kg2 Kf8 34. Ne3 Rd2 35. a4 e6 36. Rb4 Ke7 37. Rb7 1-0

[Event "Rosa e Silva Memorial"]
[Site "Rio de Janeiro"]
[Date "1999.10.14"]
[Round "2.1"]
[White "Sant'Ana, Ricardo"]
[Black "Souza, Marco Andre"]
[Result "1/2-1/2"]
[WhiteElo "2114"]
[BlackElo "2169"]
[PlyCount "116"]
[EventDate "1999.??.??"]
[EventType "tourn"]
[EventRounds "12"]
[EventCountry "BRA"]
[SourceTitle "EXT 2002"]
[Source "ChessBase"]
[SourceDate "2001.11.25"]
[SourceVersion "1"]
[SourceVersionDate "2001.11.25"]
[SourceQuality "1"]

1. e4 e6 2. d4 d5 3. Nc3 dxe4 4. Nxe4 Bd7 5. Bd3 Bc6 6. Nf3 Nf6 7. Bg5 Be7 8. Nxf6+ Bxf6 9. Bxf6 Qxf6 10. Ne5 0-0 11. Nxc6 Nxc6 12. c3 Rad8 13. Qh5 g6 14. Qh6 e5 15. dxe5 Nxe5 16. Be2 Nd3+ 17. Bxd3 Rxd3 18. 0-0 Rfd8 19. Rae1 Rd2 20. Re3 Rxb2 21. Rh3 Qg7 22. Qg5 Rdd2 23. a4 Rbc2 24. Qh4 Rxc3 25. Rxc3 Qxc3 26. Qe7 b6 27. a5 bxa5 28. Re1 Qd4 29. Qe8+ Kg7 30. Kh1 Qxf2 31. Qe5+ Qf6 32. Qxc7 Re2 33. Rc1 Qb2 34. Rf1 Qb3 35. Qxa7 a4 36. Qd4+ Kh6 37. Qh4+ Kg7 38. Qd4+ Kf8 39. Qd8+ Re8 40. Qd6+ Kg8 41. Qf6 a3 42. h4 a2 43. h5 Qb1 44. h6 Qxf1+ 45. Qxf1 Ra8 46. Qa1 f6 47. g4 Ra7 48. Kg2 Kf7 49. Kf3 Ke6 50. Ke4 Kf7 51. Kd5 Ke7 52. Qe1+ Kf7 53. Qa1 Ra5+ 54. Kd6 Ra6+ 55. Kc7 Ra7+ 56. Kb6 Ra4 57. Kb5 Ra7 58. Kb6 Ra4 1/2-1/2

[Event "Rosa e Silva Memorial"]
[Site "Rio de Janeiro"]
[Date "1999.07.13"]
[Round "1.5"]
[White "Sant'Ana, Ricardo"]
[Black "Andrade, Luciano Nilo"]
[Result "1-0"]
[WhiteElo "2114"]
[BlackElo "2077"]
[PlyCount "39"]
[EventDate "1999.??.??"]
[EventType "tourn"]
[EventRounds "12"]
[EventCountry "BRA"]
[SourceTitle "EXT 2002"]
[Source "ChessBase"]
[SourceDate "2001.11.25"]
[SourceVersion "1"]
[SourceVersionDate "2001.11.25"]
[SourceQuality "1"]

1. e4 e5 2. Nf3 Nc6 3. Bb5 a6 4. Ba4 Bc5 5. c3 Nge7 6. d4 exd4 7. cxd4 Ba7 8. d5 Nb8 9. d6 Ng6 10. Bb3 cxd6 11. 0-0 0-0 12. Ng5 h6 13. Qh5 Ne5 14. Nh3 Nbc6 15. Bg5 Qa5 16. Nc3 Nd4 17. Nd5 Ne6 18. Be7 Re8 19. Bxd6 Ng6 20. Nf6+ 1-0

[Event "Capablanca Memorial"]
[Site "Rio de Janeiro"]
[Date "1999.04.10"]
[Round "5"]
[White "Sant'Ana, Ricardo"]
[Black "Gomes, Daniel Vaz"]
[Result "1-0"]
[WhiteElo "2114"]
[BlackElo "2000"]
[PlyCount "39"]
[EventDate "1999.??.??"]
[EventType "tourn"]
[EventRounds "9"]
[EventCountry "BRA"]
[SourceTitle "EXT 2000"]
[Source "ChessBase"]
[SourceDate "1999.11.16"]
[SourceVersion "1"]
[SourceVersionDate "1999.11.16"]
[SourceQuality "1"]

1. e4 e5 2. Nf3 d6 3. d4 exd4 4. Qxd4 Nc6 5. Bb5 Bd7 6. Bxc6 Bxc6 7. 0-0 Nf6 8. Re1 Be7 9. c4 0-0 10. Nc3 Ng4 11. Nd5 Bxd5 12. exd5 f5 13. Qd3 Bf6 14. Qxf5 Bxb2 15. Qe6+ Kh8 16. Bxb2 Nf6 17. Ng5 Qd7 18. Bxf6 Qxe6 19. Bxg7+ Kxg7 20. Nxe6+ 1-0

[Event "CXG RSa Memorial-A"]
[Site "Rio de Janeiro"]
[Date "1999.??.??"]
[Round "3"]
[White "Carvalho, Carlos Alberto"]
[Black "Sant'Ana, Ricardo"]
[Result "1/2-1/2"]
[WhiteElo "2050"]
[BlackElo "2110"]
[PlyCount "27"]
[EventDate "1999.??.??"]
[EventType "tourn"]
[EventRounds "6"]
[EventCountry "BRA"]
[SourceTitle "EXT 2000"]
[Source "ChessBase"]
[SourceDate "1999.11.16"]
[SourceVersion "1"]
[SourceVersionDate "1999.11.16"]
[SourceQuality "1"]

1. d4 Nf6 2. Nd2 d5 3. c3 Nc6 4. f4 Ng4 5. Ndf3 f6 6. h3 Nh6 7. g4 e6 8. Qc2 Bd6 9. Bd2 Bd7 10. 0-0-0 Qe7 11. e3 0-0-0 12. Bd3 Nf7 13. Nh4 f5 14. g5 1/2-1/2

[Event "BRA-ch66 sf2"]
[Site "Brazil"]
[Date "1999.??.??"]
[Round "4"]
[White "Dos Santos, Haroldo Cunha Jr"]
[Black "Sant'Ana, Ricardo"]
[Result "1-0"]
[WhiteElo "2275"]
[BlackElo "2114"]
[PlyCount "67"]
[EventDate "1999.??.??"]
[EventType "swiss"]
[EventRounds "9"]
[EventCountry "BRA"]
[SourceTitle "EXT 2000"]
[Source "ChessBase"]
[SourceDate "1999.11.16"]
[SourceVersion "1"]
[SourceVersionDate "1999.11.16"]
[SourceQuality "1"]

1. d4 d5 2. Nf3 Nf6 3. Bf4 Bf5 4. c4 e6 5. Nc3 c6 6. Qb3 Qb6 7. c5 Qxb3 8. axb3 Nbd7 9. b4 Ne4 10. b5 f6 11. bxc6 bxc6 12. Bc7 Nxc3 13. bxc3 Be7 14. e3 Bd8 15. Bg3 a5 16. Nh4 Bc2 17. Kd2 Bb3 18. Be2 h5 19. Rhb1 Bc4 20. Bxc4 dxc4 21. Nf3 e5 22. Kc2 Be7 23. h3 Kf7 24. Nd2 Ra6 25. Ra4 Rha8 26. Nxc4 Bxc5 27. dxc5 Nxc5 28. Ra3 g5 29. f3 h4 30. Bh2 a4 31. Rb4 Ke6 32. e4 Rd8 33. Nb2 Ra7 34. Bg1 1-0

[Event "Capablanca Memorial"]
[Site "Rio de Janeiro"]
[Date "1999.??.??"]
[Round "1"]
[White "Figueiredo, Francisco Marques"]
[Black "Sant'Ana, Ricardo"]
[Result "0-1"]
[WhiteElo "2035"]
[BlackElo "2110"]
[PlyCount "56"]
[EventDate "1999.??.??"]
[EventType "tourn"]
[EventRounds "9"]
[EventCountry "BRA"]
[SourceTitle "EXT 2000"]
[Source "ChessBase"]
[SourceDate "1999.11.16"]
[SourceVersion "1"]
[SourceVersionDate "1999.11.16"]
[SourceQuality "1"]

1. d4 Nf6 2. c4 g6 3. Nc3 d5 4. Bf4 Bg7 5. Nf3 0-0 6. e3 c5 7. Be2 cxd4 8. exd4 a6 9. 0-0 dxc4 10. Bxc4 b5 11. Bb3 Bb7 12. Qd2 Bxf3 13. gxf3 Nbd7 14. Rad1 Nb6 15. Rfe1 e6 16. Ne4 Nfd5 17. Bh6 a5 18. a3 a4 19. Ba2 Rc8 20. Bxg7 Kxg7 21. Qe2 b4 22. axb4 Nxb4 23. Bb1 N6d5 24. Qd2 Ra8 25. f4 Qh4 26. f5 Qg4+ 27. Ng3 exf5 28. Kh1 Qf3+ 0-1